000 00431nam a2200193Ia 4500
005 20250603145934.0
008 250603s9999 xx 000 0 und d
020 _a9780521633925
050 _aP 53 .Y85/
100 _aYule, George
245 4 _aThe Study of language
250 _a2nd ed.
260 _aCambridge
260 _bCambridge Univ.
260 _c1985
300 _a294 p
650 _aCambridge
942 _cBK
999 _c43299
_d43299